000 00254nam a22001097a 4500
082 _a621.39 GAS'D
100 _aGASPERINI, RICHARD E
_974251
245 _aDIGITAL TROUBLESHOOTING
260 _aCALIFORNIA
_bMOVONICS
_c1976
300 _a18-5P
942 _cBK
999 _c580545
_d580545